000 nam a22 a 4500
999 _c183381
_d183381
003 BLK
005 20230421112706.0
008 180411b bul|||||r ||||||| ||bul||
010 _aKNG00192311000
040 _aBLK
041 _aBUL
_cBUL
080 _aБългарска литература
_b821.163.2
_x-31
_z821.163.2-31
100 1 _aГеров, Александър
_eпърви автор
_9317544
139 _aГеров, Александър
_bГ 41
245 1 0 _aЧереп с антена
_bНаучнофантаст. и приключенски роман
_cАлександър Геров.
257 _aBGR
260 _aСофия
_bХристо Ботев
_c1993
_fВ. Търново : Абагар
300 _a96 с.
_c20 см
380 _aX
500 _a4 000 тир.
852 _aЦб 173516
_bЦб
856 4 _qpdf
_i0.00
_ldisable
856 4 _qpdf
_i0.00
_ldisable
942 _cKNG
_n0
_s1
944 _aCR
_c11.10.2016
_kКина_Георгиева
944 _aED
_c11.10.2016
_kКина_Георгиева
999 _d183381